| 000 | 00671nam a2200193 a 4500 | ||
|---|---|---|---|
| 001 | 000044475 | ||
| 005 | 20201002045412.0 | ||
| 008 | 140702s1996 dr a 000 0 spa d | ||
| 040 |
_aDO-SdBNP _bspa _cBNPHU |
||
| 041 | 1 | 7 | _aeng |
| 245 | 0 | 0 |
_aSummer adventures : _bEnglish 4th-6th grade / _cilustración Rafael Mulett Irrizarry ; coordinador Ivelisse Morales. |
| 260 |
_aSanto Domingo : _bCONEP, _c1996. |
||
| 300 |
_a68 p. : _bil. ; _c28 cm. |
||
| 490 | 1 | _aSummer adventures | |
| 700 | 1 | 2 |
_aMorales, Ivelisse _ecoor. _972497 |
| 700 | 1 | 2 |
_aMulett Irrizarry, Rafael _eil. _972498 |
| 710 | 2 |
_aConsultores Educativos y Psicológicos _972499 |
|
| 830 | 0 |
_aSummer adventures _972500 |
|
| 999 |
_c43964 _d43964 |
||